Commercial and Consumer Law (Record no. 620293)

MARC details
000 -LEADER
fixed length control field 00572nam a22002057a 4500
008 - FIXED-LENGTH DATA ELEMENTS--GENERAL INFORMATION
fixed length control field 260428b |||||||| |||| 00| 0 eng d
020 ## - INTERNATIONAL STANDARD BOOK NUMBER
ISBN 9781854318046
Paper back/Hardbound pbk
041 ## - LANGUAGE CODE
Language code of text/sound track or separate title eng
082 ## - DEWEY DECIMAL CLASSIFICATION NUMBER
Classification number 343.42071 STE
100 ## - MAIN ENTRY--AUTHOR NAME
Personal name Stephenson,Graham
245 ## - TITLE STATEMENT
Title Commercial and Consumer Law
Statement of responsibility, etc Graham Stephenson
250 ## - EDITION STATEMENT
Edition statement 4th ed.
260 ## - PUBLICATION, DISTRIBUTION, ETC. (IMPRINT)
Place of publication Great Britain
Name of publisher Blackstone Press Limited
Year of publication 1998
300 ## - PHYSICAL DESCRIPTION
Number of Pages 231p. :
Dimensions 20cm
504 ## - BIBLIOGRAPHY, ETC. NOTE
Bibliography, etc Includes bibliographies and index
650 ## - SUBJECT ADDED ENTRY--TOPICAL TERM
Topical Term Military, tax, trade & industrial law
700 ## - ADDED ENTRY--PERSONAL NAME
Personal name Clark, Peter
942 ## - ADDED ENTRY ELEMENTS (KOHA)
Koha item type English Books
Holdings
Withdrawn status Lost status Damaged status Not for loan Home library Current library Shelving location Date acquired Full call number Accession Number Price effective from Koha item type
        Anna Centenary Library Anna Centenary Library 4TH FLOOR, A WING 11.08.2010 343.42071 STE 142458 28.04.2026 English Books

Find us on the map